000 00352 a2200157 4500
001 194751
040 _cMagnum
100 _aMonteiro, Lobato
240 1 0 _aOs doze trabalhos de Hércules
_lpor
245 1 0 _aOs doze trabalhos de Hércules
300 _a360
362 0 _a2005
440 1 _aBrasiliense
697 _aLITERATURA GERAL
942 _cBK
999 _c194751
_d194751